Čím je limitován výzkum?
Výskum štruktúry vystavovateľov a návštevníkov. Problémy v oblasti marketingových prieskumov výstavných a veľtržných akcií. Rozdiely v metódach výskumu u nás a v zahraničí. Audit vykazovaných dát z výstavy. Úskalia výskumu názorov návštevníkov a vystavovateľov. Audity realizované v Českej republike.
Na minha lista:
| Autor principal: | |
|---|---|
| Formato: | Capítulo de Livro |
| Idioma: | tcheco |
| Assuntos: | |
| Tags: |
Sem tags, seja o primeiro a adicionar uma tag!
|
MARC
| LEADER | 00000naa a2200000 4500 | ||
|---|---|---|---|
| 001 | r026442 | ||
| 005 | 20230911123014.5 | ||
| 041 | 0 | |a cze | |
| 044 | |a CZ | ||
| 245 | 1 | 0 | |a Čím je limitován výzkum? |c Vlastimil Růžička |
| 520 | |a Výskum štruktúry vystavovateľov a návštevníkov. Problémy v oblasti marketingových prieskumov výstavných a veľtržných akcií. Rozdiely v metódach výskumu u nás a v zahraničí. Audit vykazovaných dát z výstavy. Úskalia výskumu názorov návštevníkov a vystavovateľov. Audity realizované v Českej republike. | ||
| 610 | 2 | 0 | |a marketing |
| 610 | 2 | 0 | |a audit |
| 610 | 2 | 0 | |a prieskum trhu |
| 610 | 2 | 0 | |a Česko |
| 610 | 2 | 0 | |a výstavy |
| 610 | 2 | 0 | |a veľtrhy |
| 100 | 1 | |a Růžička, Vlastimil | |